| 000 | 00757nam a2200229 u 4500 | ||
|---|---|---|---|
| 005 | 20220622063600.0 | ||
| 008 | 100422s1992 r 000 0 eng d | ||
| 020 | _a9780374480608 (13 dígitos) | ||
| 020 | _a0374480605 (10 dígitos) | ||
| 035 | _aUPN01000175491 | ||
| 049 | _aI | ||
| 050 | 4 |
_aPZ76.3 _bS4.37 |
|
| 100 | 1 | _aSelden, George | |
| 245 | 1 | 0 |
_aUn grillo en Times Square / _cGeorge Selden ; il. Garth Williams ; tr. Robin Longshaw. |
| 260 |
_aNew York : _bFarrar, Straus & Giroux, _c1992. |
||
| 300 |
_a137 p. : _bil. |
||
| 440 | 0 |
_aMirasol. _pLibros juveniles |
|
| 534 |
_pTítulo original: _tThe Cricket in Times Square |
||
| 650 | 0 |
_aAnimales _vCuentos y leyendas _9234 |
|
| 650 | 4 |
_aGRILLOS - _vCUENTOS Y LEYENDAS _915526 |
|
| 905 | _aLibro | ||
| 999 |
_c147595 _d147595 |
||